Slovensko na starých mapách: Historický atlas hornouhorských stolíc /
Saved in:
| Main Author: | |
|---|---|
| Format: | Book |
| Language: | Slovak |
| Published: |
Banská Bystrica:
CBS,
2005
|
| Edition: | 1. dotlač |
| Tags: |
No Tags, Be the first to tag this record!
|
MARC
| LEADER | 00000nam a22000003a 4500 | ||
|---|---|---|---|
| 001 | 0117904 | ||
| 003 | SK-STU | ||
| 005 | 20251103113420.1 | ||
| 007 | ta | ||
| 008 | 251103s ----xo-----e------000-0-----d | ||
| 020 | |a 978-80-8144-394-7 | ||
| 040 | |a STU |b slo | ||
| 041 | 0 | |a slo | |
| 044 | |a xo | ||
| 100 | 1 | |a Kučera, Zdeněk |4 aut | |
| 245 | 1 | 0 | |a Slovensko na starých mapách: |b Historický atlas hornouhorských stolíc / |c aut. Zdeněk Kučera |
| 250 | |a 1. dotlač | ||
| 260 | |a Banská Bystrica: |b CBS, |c 2005 | ||
| 300 | |a 215 s. | ||
| 996 | |c V* 53764/O-24834 |l VV4 |s P |a 0 |w 0117904_0001 | ||